Southville International School and Colleges
Your cart is empty.
  • Cart
  • Lists
    Public lists Eva Luna New books Lux_list list_1
    Your lists Log in to create your own lists
  • Log in to your account
  • Your cookies
  • Search history
Southville International School and Colleges
  • Advanced search
  • Recent comments
  • Most popular
  • Libraries

Log in to your account

Log in with GOOGLE


If you do not have an external account, but do have a local account, you can still log in:

  1. Home
  2. MARC view: Magic carpet /
Normal view MARC view ISBD view

Magic carpet / (Record no. 111715)

[ view plain ]
MARC details
000 -LEADER
fixed length control field 00858nam a2200217 a 4500
001 - CONTROL NUMBER
control field 2084
005 - DATE AND TIME OF LATEST TRANSACTION
control field 20140414131920.0
008 - FIXED-LENGTH DATA ELEMENTS--GENERAL INFORMATION
fixed length control field 001110s19uu xx 00 eng d
020 ## - INTERNATIONAL STANDARD BOOK NUMBER
International Standard Book Number 0-02-714340-6
050 ## - LIBRARY OF CONGRESS CALL NUMBER
Classification number ER
Item number M27 1991
100 ## - MAIN ENTRY--PERSONAL NAME
Personal name Brisson, Pat
245 ## - TITLE STATEMENT
Title Magic carpet /
Statement of responsibility, etc Pat Brisson ; illustrated by Amy Schwartz.
260 ## - PUBLICATION, DISTRIBUTION, ETC. (IMPRINT)
Place of publication, distribution, etc New York :
Name of publisher, distributor, etc Bradbury Press,
Date of publication, distribution, etc 1991.
300 ## - PHYSICAL DESCRIPTION
Extent p. : ill., col. ; cm.
520 ## - SUMMARY, ETC.
Summary, etc Aunt Agatha and Elizabeth imagine the travels of the rug on which they are sitting, from China across the sea to the West coast of the United States and onward in a journey designed to let its carriers stop only in cities beginning with letter "s"
650 ## - SUBJECT ADDED ENTRY--TOPICAL TERM
Topical term or geographic name as entry element Carpets
General subdivision Fiction.
650 ## - SUBJECT ADDED ENTRY--TOPICAL TERM
Topical term or geographic name as entry element Voyages and travels
General subdivision Fiction.
650 ## - SUBJECT ADDED ENTRY--TOPICAL TERM
Topical term or geographic name as entry element Geography
General subdivision Fiction.
650 ## - SUBJECT ADDED ENTRY--TOPICAL TERM
Topical term or geographic name as entry element Names, geographical
General subdivision Fiction.
Holdings
Withdrawn status Lost status Damaged status Use restrictions Home library Current library Shelving location Date acquired Source of acquisition Total Checkouts Full call number Barcode Date last seen Price effective from Koha item type
        Munich Library Munich Library Easy Reading Section 05/26/2005     ER M27 1991 M2588 04/14/2014 04/14/2014 Books

Magic carpet /

APA

Brisson P., . (1991). Magic carpet. New York: Bradbury Press.

Chicago

Brisson Pat, . 1991. Magic carpet. New York: Bradbury Press.

Harvard

Brisson P., . (1991). Magic carpet. New York: Bradbury Press.

MLA

Brisson Pat, . Magic carpet. New York: Bradbury Press. 1991.

  • Place hold
  • Print
  • Cite
  • Add to your cart (remove)
  • Save record
    BIBTEX Dublin Core MARCXML MARC (non-Unicode/MARC-8) MARC (Unicode/UTF-8) MARC (Unicode/UTF-8, Standard) MODS (XML) RIS
  • More searches
    Search for this title in:
    Other Libraries (WorldCat) Other Databases (Google Scholar) Online Stores (Bookfinder.com) Open Library (openlibrary.org)

Exporting to Dublin Core...

SOUTHVILLE LIBRARY

Southville International School and Colleges Library

1281 Tropical Ave. Cor. Luxembourg St., BF Homes International, Las Pinas City

Tel. No. 8256374 / 252358 Loc. 117/146

Powered by Koha